Представление документа в формате RUSMARC

ПолеНазваниеЗначение
  Тип записи a
  Библиографический уровень m
001 Контрольный номер RU/IS/BASE/323972120
005 Дата корректировки 20260115121414.3
101 Язык документа 0_
a Язык текста rus
200 Заглавие и сведения об ответственности 1_
a Заглавие Звезда
e Сведения, относящиеся к заглавию повесть
f Первые сведения об ответственности Эм. Казакевич ; рис. И. Бруни
b Общее обозначение материала Текст
210 Выходные данные 1_
a Место издания М.
c Издательство Дет. лит.
d Дата издания 1973
215 Физическое описание __
a Объем 95 с., рис.
225 Серия 2_
a Серия Школьная библиотека
606 Тематические рубрики __
a Основная рубрика Художественная литература
606 Тематические рубрики __
a Основная рубрика Русская литература XX в. (произведения)
610 Ключевые слова 0_
a Ключевые слова писатели; проза; прозаики; повести
686 Индексы других классификаций __
a Классификационный индекс 84(2Рос=Рус)6-4
700 Автор _1
a Фамилия Казакевич
b Имя Э. Г.
4 Код отношения 070
801 Источник записи _0
a Страна RU
b Организация Муниципальное бюджетное учреждение культуры "Централизованная библиотечная система" г. Сургут (Центральная городская библиотека им. А. С. Пушкина)
801 Источник записи _1
a Страна RU
b Организация Муниципальное бюджетное учреждение культуры "Централизованная библиотечная система" г. Сургут (Центральная городская библиотека им. А. С. Пушкина)
852 Данные о местонахождении __
j Шифр хранения 84(2Рос=Рус)6-4
i Авторский знак К 14
901 Тип документа __
t Тип документа m
990 Данные о заказе (DOS) __
j Количество экземпляров (DOS) #